000 00380nam a2200169 i 4500
001 bgj
100 1 _aNIVELLE, Armand.
245 1 0 _aLiteraturästhetik /
_cArmand Nivelle.
300 _aS. [17]-56 :
_bil. ;
_c24 cm.
650 9 _aLiteratura
040 _cBPK
041 0 _ager
044 _aDEU
080 _a82
942 _cKS
008 s gw f |000 0 ger
999 _c49932
_d49932
856 _uhttp://koha.tu.koszalin.pl/cgi-bin/koha/opac-detail.pl?biblionumber=49932
_yKatalog online BPK